| 000 | 00340 a2200109 4500 | ||
|---|---|---|---|
| 001 | ART_50886 | ||
| 005 | 20260410162014.0 | ||
| 008 | 260409a | ||
| 245 | 1 | 0 | _aCasos judiciales recientes sobre COVID-19 |
| 100 | 1 | _aRoitman, Facundo J. | |
| 773 | 0 |
_tTemas de derecho administrativo _g- Año 5, N° 5 (mayo 2020) _wREV40468 |
|
| 999 |
_c32499 _d32499 |
||